000 00675nam a2200205Ia 4500
003 GCL
008 140319s9999 xx 000 0 ara d
040 _aGCL /
_cGCL
082 0 4 _a370.158
_bس ل
100 1 _aستالى ليبرمان سميث
245 1 0 _aلماذا لايتعلم طفلى ? /
_cستالى ليبرمان سميث
700 1 _aاحمد عباس عبدالله
700 1 _aرجاء محمود ابوعلام (مراجعه)
300 _a452
490 _aسلسلة الدراسات العلمية الموسمية المتخصصة
_v0
650 0 4 _aالاطفال
650 0 4 _aعلم النفس
650 0 4 _aالتعلم
942 _2ddc
_cBK
999 _c44184
_d44184